Do You Know The United States? - Statistics

General Stats
  • This quiz has been taken 88 times
  • The average score is 7 of 10
Answer Stats
Question Answer % Correct
On 9-11, The World Trade Center was destroyed in which city? New York City
90%
The 16th President of the United States was Lyndon B. Johnson. False
80%
George Washington's Last Resting Place was at Mount Vernon, NY True
80%
The United States gained Independence from the British on July 4th, 1776. True
70%
Thomas Jefferson was the President during the purchase of the Louisiana territory. True
70%
Franklin Delano Roosevelt was the distant cousin of former president Theodore Roosevelt. True
70%
The first colony in America was Delaware. False
60%
The Louisiana Purchase was owned by the Spanish. False
60%
The oldest city in the United States is Plymouth, MA. False
60%
Texas and Vermont were the only 2 states to be their own country before the United States took them in. False
30%
No matching quizzes found
Score Distribution
Percent of People with Each Score
Percentile by Number Answered
Your Score History
You have not taken this quiz